<?xml version="1.0" encoding="UTF-8"?>
<marc:record xmlns:marc="http://www.loc.gov/MARC21/slim">
   <marc:leader>00000nam a2200000 a 4500</marc:leader>
   <marc:datafield ind1="0" ind2="0" tag="245">
      <marc:subfield code="a">King of Tokyo</marc:subfield>
   </marc:datafield>
   <marc:datafield ind1="0" ind2="0" tag="245">
      <marc:subfield code="b">für 2 - 6 Spieler ab 8 Jahren</marc:subfield>
   </marc:datafield>
   <marc:datafield ind1=" " ind2="1" tag="264">
      <marc:subfield code="a">Günzburg</marc:subfield>
      <marc:subfield code="b">Iello</marc:subfield>
   </marc:datafield>
   <marc:datafield ind1="1" ind2=" " tag="520">
      <marc:subfield code="a">Monster und Japan &#x96; das passt schon immer sehr gut zusammen. Stichwort: Godzilla. Beim Brettspiel King Of Tokyo geht es genau darum: Jeder Teilnehmer ist ein Monster. Ziel der 2 bis 6 Spieler ab 8 Jahren ist es, die anderen auszuschalten und das Supermonster zu werden. Auf dem Weg dorthin gilt es, Tokio zu erobern und von dort aus die anderen Monster zu vernichten. Das klingt brutal, ist jedoch eher ein lustiges Fun-Spiel.</marc:subfield>
   </marc:datafield>
   <marc:datafield ind1="3" ind2=" " tag="024">
      <marc:subfield code="a">3760175513299</marc:subfield>
   </marc:datafield>
   <marc:datafield ind1=" " ind2=" " tag="041">
      <marc:subfield code="a">ger</marc:subfield>
   </marc:datafield>
   <marc:datafield ind1="1" ind2=" " tag="521">
      <marc:subfield code="a">8+</marc:subfield>
   </marc:datafield>
   <marc:datafield ind1=" " ind2=" " tag="300">
      <marc:subfield code="a">6 Monstertafeln, 6 schwarze Würfel, 6 Figurenaufsteller, 1 Tokoyo-Spielplan, 66 Powerkarten, 28 Marker, 2 grüne Würfel,</marc:subfield>
   </marc:datafield>
</marc:record>
